Hướng dẫn tự học Autocad 2000 toàn tập

Spremljeno u:
Bibliografski detalji
Glavni autor: TRUNG NGUYÊN
Format: Knjiga
Jezik:Undetermined
Izdano: Hà Nội Thống Kê 2000
Teme:
Oznake: Dodaj oznaku
Bez oznaka, Budi prvi tko označuje ovaj zapis!
Thư viện lưu trữ: Trung tâm Học liệu Trường Đại học Cần Thơ
LEADER 00520nam a2200169Ia 4500
001 CTU_47517
008 210402s9999 xx 000 0 und d
082 |a 620.00420285 
082 |b Tr513/T2 
100 |a TRUNG NGUYÊN 
245 0 |a Hướng dẫn tự học Autocad 2000 toàn tập 
245 0 |c TRUNG NGUYÊN, Giang Đô 
260 |a Hà Nội 
260 |b Thống Kê 
260 |c 2000 
650 |a cad (computer program language ) 
980 |a Trung tâm Học liệu Trường Đại học Cần Thơ